000 00326nam a22001337a 4500
008 170412b xxu||||| |||| 00| 0 eng d
020 _a0874894624
041 _aeng
080 _a618
100 _a10
101 _aSHM
245 _aMANAGEMENT OF COMON PROBLEMS IN OBSTETRICS GYNECOLOGY
_cMISHELL.D.R
942 _2udc
_cBK
999 _c10487
_d10487